| 000 -LEADER |
| fixed length control field |
00328aam a2200121 4500 |
| 082 ## - DEWEY DECIMAL CLASSIFICATION NUMBER |
| Classification number |
T19x54 In2 |
| 100 ## - MAIN ENTRY--PERSONAL NAME |
| Personal name |
Bakshi, Santosh |
| 9 (RLIN) |
480 |
| 245 ## - TITLE STATEMENT |
| Title |
Economic growth in india and its many dimensions |
| Statement of responsibility, etc |
by santosh Bakshi |
| 260 ## - PUBLICATION, DISTRIBUTION, ETC. (IMPRINT) |
| Place of publication, distribution, etc |
New Delhi |
| Name of publisher, distributor, etc |
Uppal |
| Date of publication, distribution, etc |
2018 |
| 300 ## - PHYSICAL DESCRIPTION |
| Extent |
523p |
| 653 ## - INDEX TERM--UNCONTROLLED |
| Uncontrolled term |
Civil Service |
| -- |
Bureaucracy |
| 942 ## - ADDED ENTRY ELEMENTS (KOHA) |
| Source of classification or shelving scheme |
|